The gravediggers (Record no. 43110)

MARC details
000 -LEADER
fixed length control field 00302nam a2200133Ia 4500
100 ## - STATEMENT OF RESPONSIBILITY--MAIN AUTHOR NAME
Personal name Phyllis Schlafly
245 #4 - TITLE STATEMENT
Title The gravediggers
260 ## - PUBLICATION, DISTRIBUTION, ETC. (IMPRINT)
Name of publisher Pere Marquette press
260 ## - PUBLICATION, DISTRIBUTION, ETC. (IMPRINT)
Year of publication 1964
300 ## - PHYSICAL DESCRIPTION
Number of Pages 126 p
942 ## - ADDED ENTRY ELEMENTS (KOHA)
Koha item type Books
Holdings
Withdrawn status Lost status Source of classification or shelving scheme Damaged status Not for loan Permanent Location Current Location Shelving location Date acquired Accession Number Price effective from Koha item type
    Library of Congress Classification     NILE UNIVERSITY OF NIGERIA - MAIN LIBRARY NILE UNIVERSITY OF NIGERIA - MAIN LIBRARY Items on shelf 06/03/2025 0000349 06/03/2025 Books
    Library of Congress Classification     NILE UNIVERSITY OF NIGERIA - MAIN LIBRARY NILE UNIVERSITY OF NIGERIA - MAIN LIBRARY Items on shelf 06/03/2025 0001343 06/03/2025 Books